[Event "GER-ch U16 Girls"]
[Site "Oberhof"]
[Date "2012.05.29"]
[Round "4"]
[White "Tobianski, Karina"]
[Black "Burgardt, Sabrina"]
[Result "1-0"]
[WhiteElo "1341"]
[BlackElo "1281"]
[PlyCount "63"]
[EventDate "2012.05.27"]
[EventType "swiss"]
[EventRounds "9"]
[EventCountry "GER"]
[SourceTitle "CBM 148 Extra"]
[Source "ChessBase"]
[SourceDate "2012.06.22"]
[SourceVersion "1"]
[SourceVersionDate "2012.06.22"]
[SourceQuality "1"]

1. e4 c5 2. Nf3 Nc6 3. c3 e6 4. d4 cxd4 5. cxd4 Nf6 6. e5 Nd5 7. a3 a6 8. Bd3 Be7 9. Nc3 Nxc3 10. bxc3 0-0 11. 0-0 d6 12. Qe2 dxe5 13. Nxe5 Nxe5 14. Qxe5 Bd6 15. Qe4 f5 16. Qe2 Qc7 17. h3 Qxc3 18. Bb2 Qc7 19. Rfe1 Qd7 20. Bc4 Re8 21. Qh5 Qf7 22. Qf3 Rb8 23. Re2 Bd7 24. Rae1 Qg6 25. Qb3 Kf7 26. d5 exd5 27. Bxd5+ Kf8 28. Rxe8+ Bxe8 29. Re6 Qg5 30. Rxd6 Qe7 31. Re6 Qd8 32. Qb4+ 1-0